00449nam a2200157Ia 4500003000400000005001700004008004100021040000900062082001500071100002300086245007200109260005000181300000900231942003600240999001500276OSt20200120125050.0190216s9999||||xx |||||||||||||| ||und|| coclc a658bBHU/F aBhushan, Y K91341 0aFundamentals Of Business Organisation And Management /cY K Bhushan bSulthan Chand And Company,c1999.aNew Delhi: a852p cBK2ddch658iBHU/Fk658mBHU/F c5679d5679